000 00687nam a2200241Ia 4500
005 20260320200957.0
008 008 262003s9999 xx 000 0 eng d
037 _aEBOOK
040 _aCRL
040 _beng
040 _cCRL
041 _2eng
041 _aeng
084 _qCRL
100 _aHinders
_91133942
245 2 _aA Data Engineering Approach to Wave Scattering Analysis with Applications in Radar, Sonar, Medical Diagnostics, Structural Flaw Detection and Intelligent Robotics
260 _bIEEE
260 _c2025
856 _uhttps://ieeexplore.ieee.org/servlet/opac?bknumber=10793431
942 _cEBOOK
999 _c1718037
_d1718037